Los complejos y los conflictos psicológicos / (Record no. 44659)

MARC details
000 -LEADER
campo de control de longitud fija 00723nam a2200229 i 4500
001 - NÚMERO DE CONTROL
campo de control 44659
003 - IDENTIFICADOR DE NÚMERO DE CONTROL
campo de control ES-MaACL
005 - FECHA Y HORA DE LA ÚLTIMA TRANSACCIÓN
campo de control 20230906161055.0
007 - CAMPO FIJO DE DESCRIPCIÓN FÍSICA--INFORMACIÓN GENERAL
campo de control de longitud fija t|
008 - DATOS DE LONGITUD FIJA--INFORMACIÓN GENERAL
campo de control de longitud fija 030324s1970 sp ||||1| spa d
080 ## - NÚMERO DE LA CLASIFICACIÓN DECIMAL UNIVERSAL
Número de la Clasificación Decimal Universal 616.89(083.1)
100 1# - ENTRADA PRINCIPAL--NOMBRE DE PERSONA
Nombre de persona Cimica, Mario.
9 (RLIN) 38842
245 14 - MENCIÓN DEL TÍTULO
Título Los complejos y los conflictos psicológicos /
Mención de responsabilidad, etc. por Mario Cimica ; [traducción de Alberto Pérez Alvarez].
260 ## - PUBLICACIÓN, DISTRIBUCIÓN, ETC.
Lugar de publicación, distribución, etc. Barcelona :
Nombre del editor, distribuidor, etc. Hispano Europea,
Fecha de publicación, distribución, etc. [1970]
300 ## - DESCRIPCIÓN FÍSICA
Extensión 265 p. ;
Dimensiones 21 cm.
490 1# - MENCIÓN DE SERIE
Mención de serie Colección "El Hombre"
650 #4 - PUNTO DE ACCESO ADICIONAL DE MATERIA--TÉRMINO DE MATERIA
Término de materia o nombre geográfico como elemento de entrada Psicopatología.
9 (RLIN) 16577
700 1# - ENTRADA AGREGADA--NOMBRE PERSONAL
Nombre de persona Pérez Alvarez, Alberto.
9 (RLIN) 90634
830 0# - PUNTO DE ACCESO ADICIONAL DE SERIE-TÍTULO UNIFORME
Título uniforme Colección "El Hombre"
9 (RLIN) 229905
852 ## - LOCALIZACIÓN
Ubicación ES-MaACL
Número de control de estantería C-39390
Sublocalización o colección R.76158
Holdings
Estatus retirado Estado de pérdida Estado de daño No para préstamo Biblioteca de origen Biblioteca actual Ubicación en estantería Fecha de adquisición Fuente de adquisición Total de préstamos Signatura topográfica completa Código de barras Visto por última vez Precio de reemplazo Tipo de ítem Koha
        Biblioteca del Ateneo de Madrid Biblioteca del Ateneo de Madrid Depósito 2 17/01/2008     C-39390 1047002 23/02/2023 23/02/2023 Libro impreso